<?xml version="1.0" encoding="UTF-8"?><?xml-stylesheet type="text/xsl" href="static/style.xsl"?><OAI-PMH xmlns="http://www.openarchives.org/OAI/2.0/" xmlns:xsi="http://www.w3.org/2001/XMLSchema-instance" xsi:schemaLocation="http://www.openarchives.org/OAI/2.0/ http://www.openarchives.org/OAI/2.0/OAI-PMH.xsd"><responseDate>2026-04-30T05:17:22Z</responseDate><request verb="GetRecord" identifier="oai:uvadoc.uva.es:10324/4514" metadataPrefix="marc">https://uvadoc.uva.es/oai/request</request><GetRecord><record><header><identifier>oai:uvadoc.uva.es:10324/4514</identifier><datestamp>2021-06-29T09:44:48Z</datestamp><setSpec>com_10324_38</setSpec><setSpec>col_10324_852</setSpec></header><metadata><record xmlns="http://www.loc.gov/MARC21/slim" xmlns:doc="http://www.lyncode.com/xoai" xmlns:xsi="http://www.w3.org/2001/XMLSchema-instance" xmlns:dcterms="http://purl.org/dc/terms/" xsi:schemaLocation="http://www.loc.gov/MARC21/slim http://www.loc.gov/standards/marcxml/schema/MARC21slim.xsd">
<leader>00925njm 22002777a 4500</leader>
<datafield tag="042" ind1=" " ind2=" ">
<subfield code="a">dc</subfield>
</datafield>
<datafield tag="720" ind1=" " ind2=" ">
<subfield code="a">Santos Sanz, Cristina</subfield>
<subfield code="e">author</subfield>
</datafield>
<datafield tag="260" ind1=" " ind2=" ">
<subfield code="c">2014</subfield>
</datafield>
<datafield tag="520" ind1=" " ind2=" ">
<subfield code="a">La gonartrosis es una patología cada vez más común en nuestra población. A&#xd;
pesar de los avances médicos, en muchos casos no se consigue aliviar la&#xd;
sintomatología mediante tratamiento conservador y es necesario recurrir a la&#xd;
cirugía. La técnica más exitosa es la artroplastia total de rodilla, que consiste en&#xd;
la sustitución de la articulación de la rodilla por un dispositivo artificial.&#xd;
El objetivo de este trabajo es determinar si la fisioterapia es efectiva en los&#xd;
pacientes intervenidos de artroplastia total de rodilla y determinar qué tipos de&#xd;
técnicas son las más efectivas.&#xd;
Se realizó una revisión bibliográfica de ensayos clínicos en las bases de datos&#xd;
PubMed, PEDro, ScienceDirect, Trip y la Biblioteca Cochrane. La búsqueda&#xd;
tuvo lugar de Noviembre de 2013 a Enero de 2014 y se centró en los artículos&#xd;
publicados durante los últimos 10 años.&#xd;
Como discusión y conclusión obtenemos: 1) la fisioterapia es eficaz en&#xd;
pacientes intervenidos de artroplastia total de rodilla, ya que en la mayoría de&#xd;
los estudios alcanzan los objetivos planteados; 2) las técnicas de fisioterapia&#xd;
que obtienen mejores resultados son la crioterapia, EENM, entrenamiento de&#xd;
resistencia acuática, ejercicios de resistencia excéntrica, estiramientos y los&#xd;
ejercicios de equilibrio; 3) las técnicas que no resultan tan beneficiosas como&#xd;
se esperaban son el TENS, las movilizaciones pasivas, bicicleta ergonómica y&#xd;
drenaje linfático manual.</subfield>
</datafield>
<datafield tag="024" ind2=" " ind1="8">
<subfield code="a">http://uvadoc.uva.es/handle/10324/4514</subfield>
</datafield>
<datafield ind1=" " ind2=" " tag="653">
<subfield code="a">Artrosplasia</subfield>
</datafield>
<datafield ind1=" " ind2=" " tag="653">
<subfield code="a">Gonartrosis</subfield>
</datafield>
<datafield ind1=" " ind2=" " tag="653">
<subfield code="a">Fisioterapia</subfield>
</datafield>
<datafield ind1=" " ind2=" " tag="653">
<subfield code="a">Rodillas</subfield>
</datafield>
<datafield tag="245" ind1="0" ind2="0">
<subfield code="a">Fisioterapia en la artrosplasia total de la rodilla en pacientes con gonartrosis.</subfield>
</datafield>
</record></metadata></record></GetRecord></OAI-PMH>